The Greek Way/ (Record no. 212684)

MARC details
000 -LEADER
fixed length control field 00544nam a22001937a 4500
005 - DATE AND TIME OF LATEST TRANSACTION
control field 20250728152549.0
010 ## - LCCN (DPL NO)
LC control number ENG-146232
020 ## - INTERNATIONAL STANDARD BOOK NUMBER
International Standard Book Number 9789357319485
035 ## - SYSTEM CONTROL NUMBER
System control number EN-129764
037 ## - SOURCE OF ACQUISITION
Source of stock number/acquisition DBAD
082 ## - DEWEY DECIMAL CLASSIFICATION NUMBER
Classification number S
100 ## - MAIN ENTRY--PERSONAL NAME
Personal name Hamilton, Edith
245 ## - TITLE STATEMENT
Title The Greek Way/
Remainder of title Hamilton Edith
260 ## - PUBLICATION, DISTRIBUTION, ETC. (IMPRINT)
Place of publication, distribution, etc Gurugram
Name of publisher, distributor, etc Hachette Book Publishing India Pvt. Ltd.
270 ## - ADDRESS
City Gurugram
Address 4th & 5th Floors, Corporate Centre, Plot No. 94, Sector 44
Postal code 122003
300 ## - PHYSICAL DESCRIPTION
Extent 265 p.
Dimensions 19.7 cm
700 ## - ADDED ENTRY--PERSONAL NAME
9 (RLIN) 76612
942 ## - ADDED ENTRY ELEMENTS (KOHA)
Source of classification or shelving scheme Dewey Decimal Classification
Item type English Books
Classification part S
Call number suffix HAM
Holdings
Withdrawn status Lost status Not for loan Collection code Home library Current library Date acquired Source of acquisition Cost, normal purchase price Full call number Barcode Copy number Cost, replacement price Koha item type
    Not For Loan Non-fiction D.B.Act.Division D.B.Act.Division 28/07/2025 DBAD 499.00 S HAM EN-129764 1 499.00 English Books

© Delhi Public Library
Hit Counter
free hit counter